Ο καλλιτέχνης, ο εθνικός ποιητής και το έργον του

Αποθηκεύτηκε σε:
Λεπτομέρειες βιβλιογραφικής εγγραφής
Κύριος συγγραφέας: Νέζερ, Θέμος
Μορφή: Βιβλίο
Γλώσσα:Greek
Δημοσίευση: Αθήναι : [χ.ό.], 1949
Θέματα:
Ετικέτες: Προσθήκη ετικέτας
Δεν υπάρχουν, Καταχωρήστε ετικέτα πρώτοι!

MARC

LEADER 00000cam a2200000 i 4500
001 1/93775
008 080912s1949 gre d
035 |l 10100114 
040 |a GR-MY-UA  |b gre  |e aacr 
041 0 |a gre 
082 0 |a 700.45  |2 (22) 
100 1 |a Νέζερ, Θέμος. 
245 1 2 |a Ο καλλιτέχνης, ο εθνικός ποιητής και το έργον του /  |c Θέμου Νέζερ 
260 |a Αθήναι :   |b [χ.ό.],   |c 1949 
300 |a 270 σ.;  |c 24 εκ. 
600 1 0 |a Νέζερ, Θέμος. 
650 0 0 |a Autobiography. 
650 0 0 |a Actors  |z Greece. 
852 |a INST  |b RHODES  |c AKA  |e 20080912  |h  700.45 ΝΕΖ  |p 005400028244  |q 005400028244  |t BK  |y 0 
901 |a BIBL4-2008-3 
909 |a Ρ  |b 152951 
970 |a ΚΟΖΑ  |b ΜΑΡΙΑ  |z 2008/09/12